LEADER 01172nam a2200253 4500 001 000000342780 003 CaOOAMICUS 005 20201106112100.0 008 201102s1997 it a 000 u ita r 020 $a88-215-3604-1 040 $aSeMil$bita 100 1 $aGonzález-Balado, José Luis.$0(OLS)http://semarc/name/17123 240 10$aMadre Teresa de Ios pobres.$0(OLS)http://semarc/title/431651 245 10$aMadre Teresa dei poveri :$buna vita per gli altri /$cJosé Luis González-Balado. 264 1$aCinisello Balsamo :$bSan Paolo,$c1997. 300 $a238 p., [4] c. di tav. :$bill. ;$c21 cm 600 04$aTeresa : di Calcutta .$0(OLS)http://semarc/subject/6939 830 0$aTestimoni del nostro tempo ;$v28.$0(OLS)http://semarc/title/6456 850 $aSeMil 852 $aSeMil$W1$xVenegono$y1$m3H II 540$j222648$B234091$CSeMilBibl$Z2$F234091 $81 996 $6020$a88-215-3604-1$9(OLS)http://semarc/number/291543 996 $6245$aMadre Teresa dei poveri :$buna vita per gli altri$9(OLS)http://semarc/title/431653 996 $6264$aCinisello Balsamo :$bSan Paolo$9(OLS)http://semarc/publisher/30129 LEADER 01163nam a2200265 i 4500 001 000000043354 003 CaOOAMICUS 005 20090812000000.0 008 090812s1977 it u000 u ita u 013 $a14524 040 $aSeMil$bita 100 1 $aMaritain, Jacques,$d<1882-1973>.$0(OLS)http://semarc/name/1393 240 10$aDe l'Église du Christ.$0(OLS)http://semarc/title/63655 245 13$aLa Chiesa del Cristo :$bla persona della Chiesa e il suo personale /$cJacques Maritain ; [trad. di Matilde Mazzolani]. 250 $a3. ed. 260 $aBrescia :$bMorcelliana,$c1977. 300 $a280 p. ;$c23 cm. 650 4$aChiesa - Meditazioni.$0(OLS)http://semarc/subject/7470 650 4$aChiesa cattolica.$0(OLS)http://semarc/subject/3079 700 1 $aMazzolani, Matilde.$0(OLS)http://semarc/name/21034 850 $aSeMil 852 $aSeMil$W1$xVenegono$y1$m2B IV 377$j256398$B9509$CSeMilBibl$Z2$F9509 $81 961 $aLascito: Calcaterra don Carlo 996 $6245$aLa Chiesa del Cristo :$bla persona della Chiesa e il suo personale$9(OLS)http://semarc/title/63654 996 $6260$aBrescia :$bMorcelliana$9(OLS)http://semarc/publisher/29629